趣味的名人逸事

資料類型: Book 圖書   書目號:45511

Leader xxxxxxxxxx
001 __ PCLIS00045511
005 __  20061214113035.0008
010 0_ |a|b|d
010 0_ |a957-469-919-6|b平裝:卷28|dNT$69
010 0_ |a957-708-817-1|b精裝:卷28
010 0_ |a957-469-920-X|b平裝:卷29|dNT$199
010 0_ |a957-708-818-X|b精裝:卷29
010 0_ |a957-469-257-4|b平裝:卷30|dNT$99
010 0_ |a957-708-819-8|b精裝:卷30
010 0_ |a957-469-918-8|b平裝:卷31|dNT$199
010 0_ |a957-708-791-4|b精裝:卷31
010 0_ |a957-469-260-4|b平裝:卷1|dNT$199
010 0_ |a957-708-789-2|b精裝:卷1
010 0_ |a957-469-482-8|b平裝:卷2|dNT$240
010 0_ |a957-708-790-6|b精裝:卷2
010 0_ |a957-469-483-6|b平裝:卷3|dNT$240
010 0_ |a957-708-792-2|b精裝:卷3
010 0_ |a957-469-512-3|b平裝:卷4|dNT$240
010 0_ |a957-708-793-0|b精裝:卷4
010 0_ |a957-469-511-5|b平裝:卷5|dNT$240
010 0_ |a957-708-794-9|b精裝:卷5
010 0_ |a957-469-559-X|b平裝:卷6|dNT$240
010 0_ |a957-708-795-7|b精裝:卷6
010 0_ |a957-469-259-0|b平裝:卷7|dNT$199
010 0_ |a957-708-796-5|b精裝:卷7
010 0_ |a957-469-560-3|b平裝:卷8|dNT$240
010 0_ |a957-708-797-3|b精裝:卷8
010 0_ |a957-469-585-9|b平裝:卷9|dNT$240
010 0_ |a957-708-798-1|b精裝:卷9
010 0_ |a957-469-586-7|b平裝:卷10|dNT$240
010 0_ |a957-708-799-X|b精裝:卷10
010 0_ |a957-469-370-8|b平裝:卷11|dNT$199
010 0_ |a957-708-800-7|b精裝:卷11
010 0_ |a957-469-619-7|b平裝:卷12|dNT$240
010 0_ |a957-708-801-5|b精裝:卷12
010 0_ |a957-469-620-0|b平裝:卷13|dNT$240
010 0_ |a957-469-678-2|b平裝 :卷14|dNT$240
010 0_ |a957-708-802-3|b精裝:卷13
010 0_ |a957-469-261-2|b平裝:卷15|dNT$199
010 0_ |a957-708-804-X|b精裝:卷15
010 0_ |a957-469-679-0|b平裝:卷16|dNT$240
010 0_ |a957-708-805-8|b精裝:卷16
010 0_ |a957-469-728-2|b平裝:卷17|dNT$240
010 0_ |a957-708-806-6|b精裝:卷17
010 0_ |a957-469-258-2|b平裝:卷18|dNT$199
010 0_ |a957-708-807-4|b精裝:卷18
010 0_ |a957-469-727-4|b平裝:卷19|dNT$199
010 0_ |a957-708-808-2|b精裝:卷19
010 0_ |a957-469-621-9|b平裝:卷20|dNT$99
010 0_ |a957-708-809-0|b精裝:卷20
010 0_ |a957-469-841-6|b平裝:卷21|dNT$240
010 0_ |a957-708-810-4|b精裝:卷21
010 0_ |a957-469-840-8|b平裝:卷22|dNT$240
010 0_ |a957-708-811-2|b精裝:卷22
010 0_ |a957-469-371-6|b平裝:卷23|dNT$240
010 0_ |a957-708-812-0|b精裝:卷23
010 0_ |a957-469-839-4|b平裝:卷24|dNT$199
010 0_ |a957-708-813-9|b精裝:卷24
010 0_ |a957-469-873-4|b平裝:卷25|dNT$240
010 0_ |a957-708-814-7|b精裝:卷25
010 0_ |a957-469-879-3|b平裝:卷26|dNT$240
010 0_ |a957-708-815-5|b精裝:卷26
010 0_ |a957-469-880-7|b平裝:卷27|dNT$240
042 __ |anbi9703cas
042 __ |anbi9704bas
090 __ |a(nbi)b38581899
100 __ |a19990429d2000    k  y0chiy09      e
101 0_ |achi
102 __ |atw
105 __ |ay   z   000ay
200 1_ |a趣味的名人逸事|e|f陸家驥
205 __ |a初版
210 __ |a臺北市|c正中出版|c城邦文化發行|d民89
215 0_ |a|c|d21公分
225 2_ |a|v
300 __ |a
410 _0 |12001 |a白話中國古典短篇小說全集|v1-31
463 _0 |av.22 (清) 人間風月如塵土-公案獄訟
463 _0 |av.23 (清) 直須看盡洛城花-人情世相
463 _0 |av.24 (清) 感月吟風多少事-人情世相
463 _0 |av.25 (清) 三峽星河影動搖-武俠技擊
463 _0 |av.26 (清) 雲破月來花弄影-神仙怪異
463 _0 |av.27 (清) 悲喜千般同幻夢-神仙怪異
463 _0 |av.28 (清) 人生自是有情癡-愛情婚姻
463 _0 |av.29 (清) 雙燕雙飛繞畫樑-愛情婚姻
463 _0 |av.30 (清) 神女生涯原是夢-煙粉優伶
463 _0 |av.31 (民國) 今月曾經照古人
463 _0 |av.1 (漢魏六朝) 春江花朝秋月夜-朝野珍聞
463 _0 |av.2 (漢魏六朝) 踏花歸去馬蹄香-名人逸事
463 _0 |av.3 (漢魏六朝) 一蓑煙雨任平生-名人逸事
463 _0 |av.4 (漢魏六朝) 不問蒼生問鬼神-神仙怪異
463 _0 |av.5 (唐) 雲想衣裳花想容-帝王后妃
463 _0 |av.6 (唐) 八千里路雲和月-名臣名士
463 _0 |av.7 (唐) 一片冰心在玉壺-名臣名士
463 _0 |av.8 (唐) 夜半鐘聲到客船-傳奇故事
463 _0 |av.9 (唐) 昨夜星辰昨夜風-神仙怪異
463 _0 |av.10 (唐) 物換星移幾度秋-神仙怪異
463 _0 |av.11 (唐) 除卻巫山不是雲-婚戀家庭
463 _0 |av.12 (五代兩宋) 多少樓台煙雨中-帝王后妃
463 _0 |av.13 (五代兩宋) 亦狂亦俠亦溫文-名臣名士.公案.俠義奇士
463 _0 |av.14 (五代兩宋) 野渡無人舟自橫-神仙怪異
463 _0 |av.15 (五代兩宋) 春城無處不飛花-婚戀家庭
463 _0 |av.16 (金元明) 大風起兮雲飛揚-帝王后妃.仁義豪俠
463 _0 |av.17 (金元明) 人間萬事莽悠悠-名臣名士
463 _0 |av.18 (金元明) 疑是銀河落九天-神仙怪異
463 _0 |av.19 (金元明) 陌上花開蝴蝶飛-婚戀家庭
463 _0 |av.20 (金元明) 願作鴛鴦不羨仙-婚戀家庭
463 _0 |av.21 (清) 餘音嘹亮尚飄空-奇人異事
610 10 |a現代文學作家館藏(張曼娟)
681 __ |a857|b8786|y2000
700 __ |a陸家驥|b|4
702 _1 |a|b|f1961-|4|3NO000235402
801 _0 |atw|b元智|c20030502|gCCR
856 4_ |f封面檔|uhttp://lib.yzu.edu.tw/Cover/Cover12/P123655-2.jpg
856 4_ |f封面檔|uhttp://lib.yzu.edu.tw/Cover/Cover12/P123655-1.jpg
詳細館藏 1-2 筆 (共 2 筆)
索 書 號登 錄 號冊次號館別 / 館藏地流通類型狀態加入預約清單電子資源
857 / 8780 2019002 v1 圖書館 / 一樓普通區 可外借30天 在館   
857 / 8780 2019003 v2 圖書館 / 一樓普通區 可外借30天 在館   

| 條列資料




目錄查詢 分類查詢 個人資料 圖書薦購 新書查詢 閉館日 排行榜 更多電子資源 Hami書城 線上資料庫 登出

From : 216.73.217.87

  本日流通累計至 23:50:39 借閱 : 13 次 續借 : 0 次 歸還 : 10 次 預約 : 0 次 電子資源 : 0 次


內湖高中圖書館  PCLIS 版本  26.5.0.12